Os digo mi silencio / (Record no. 149454)

MARC details
000 -LEADER
campo de control de longitud fija 00459nam a2200169 i 4500
001 - NÚMERO DE CONTROL
campo de control 149454
003 - IDENTIFICADOR DE NÚMERO DE CONTROL
campo de control ES-MaACL
005 - FECHA Y HORA DE LA ÚLTIMA TRANSACCIÓN
campo de control 20230906203118.0
007 - CAMPO FIJO DE DESCRIPCIÓN FÍSICA--INFORMACIÓN GENERAL
campo de control de longitud fija t|
008 - DATOS DE LONGITUD FIJA--INFORMACIÓN GENERAL
campo de control de longitud fija 071022s1972 sp ||||1| spa d
100 1# - ENTRADA PRINCIPAL--NOMBRE DE PERSONA
Nombre de persona Vazana.
9 (RLIN) 113345
245 10 - MENCIÓN DEL TÍTULO
Título Os digo mi silencio /
Mención de responsabilidad, etc. Vazana.
260 ## - PUBLICACIÓN, DISTRIBUCIÓN, ETC.
Lugar de publicación, distribución, etc. [Toledo :
Nombre del editor, distribuidor, etc. s.n.,
Fecha de publicación, distribución, etc. 1972] (
Fabricante Imp. Gómez Menor)
300 ## - DESCRIPCIÓN FÍSICA
Extensión 69 p. ;
Dimensiones 22 cm.
852 ## - LOCALIZACIÓN
Ubicación ES-MaACL
Número de control de estantería C-47962
Sublocalización o colección R.83104
852 ## - LOCALIZACIÓN
Ubicación ES-MaACL
Número de control de estantería C-47961
Sublocalización o colección R.83073
Holdings
Estatus retirado Estado de pérdida Estado de daño No para préstamo Biblioteca de origen Biblioteca actual Ubicación en estantería Fecha de adquisición Fuente de adquisición Total de préstamos Signatura topográfica completa Código de barras Visto por última vez Precio de reemplazo Tipo de ítem Koha
        Biblioteca del Ateneo de Madrid Biblioteca del Ateneo de Madrid Depósito 2 17/01/2008     C-47961 1155960 23/02/2023 23/02/2023 Libro impreso
        Biblioteca del Ateneo de Madrid Biblioteca del Ateneo de Madrid Depósito 2 17/01/2008     C-47962 1155959 23/02/2023 23/02/2023 Libro impreso